Vista normal Vista MARC

Entrada Topical Term

Número de registros utilizados en: 2

001 - CONTROL NUMBER

  • control field: 3429

003 - CONTROL NUMBER IDENTIFIER

  • control field: OSt

005 - DATE AND TIME OF LATEST TRANSACTION

  • control field: 20230915225522.0

008 - FIXED-LENGTH DATA ELEMENTS

  • fixed length control field: 230915|| aca||aabn | a|a d

040 ## - CATALOGING SOURCE

  • Original cataloging agency: OSt
  • Transcribing agency: OSt

150 ## - HEADING--TOPICAL TERM

  • Topical term or geographic name entry element: MASTITIS

670 ## - SOURCE DATA FOUND

  • Source citation: Work cat.: (OSt)17141: Rodríguez, Martinez 3428, La mastitis y el potenual para su control en la sabana de bogotá, colombia, 1994









Instituto Departamental de Cultura del Meta - Red Departamental de Bibliotecas Públicas del Meta.